00526 a2200133 4500020001500000020001800015100003600033245008500069260004200154300001200196500001500208856008200223856008700305 a0071145052 a97800711450531 aMeigs, Robert; Wittington, Ray.10aAccounting :bthe basis for business decisions /cRobert; Wittington, Ray Meigs. a[S.l.] :bMcgraw-Hill College,c1995. a1280 p. aPaperback.403Amazon.comuhttp://www.amazon.com/exec/obidos/ASIN/0071145052/chopaconline-20403Amazon customer reviewsuhttp://www.chopac.org/cgi-bin/tools/azrev.pl?q=0071145052